000 00880nam a2200265Ia 4500
003 OSt
005 20220930080632.0
006 a|||||r|||| 00| 0
007 ta
008 220926b |||||||| |||| 00| 0 hin d
024 _a91723
037 _cTheses
040 _aCRL
_cCRL
_bhin
041 _2hin
_ahin
100 _aSoren Surendra Nath
_9539527
110 _aUniversity of Delhi. Faculty of Music and Fine Arts. Department of Music
_9520437
245 0 _aSaundarye sashtriyey drishtikaun se Khayaal gayan ke vishisht sandharbh mein mahila kalakaron ka yogdan
260 _c2007
300 _a323p.
_ap.
_ccm.
650 _aMUSIC
_917402
700 _a Prof. Sunita Dhar Gu.
700 _aUniversity of Delhi. Faculty of Music and Fine Arts. Department of Music
_9520438
942 _cDIS
_2CC
999 _c870210
_d870210